[Event "Hastings8182"]
[Site "Hastings"]
[Date "1981.??.??"]
[Round "11"]
[White "Kupreichik, Viktor D"]
[Black "Littlewood, Paul E"]
[Result "1-0"]
[WhiteElo "2580"]
[BlackElo "2435"]

1.e4 e5 2.Nf3 Nc6 3.Bb5 a6 4.Ba4 Nf6 5.O-O Be7 6.Re1 b5 7.Bb3 O-O 8.a4 Bb7
9.d3 d6 10.Bd2 b4 11.a5 d5 12.Bg5 dxe4 13.dxe4 Nxe4 14.Bxe7 Nxe7 15.Nxe5 Ng6
16.Qxd8 Raxd8 17.Nd3 Rd4 18.f3 Ng5 19.Nd2 h6 20.Re2 Rfd8 21.Rae1 Kh7 22.Re8 R8d6
23.Rb8 Bc6 24.Nc4 Rf6 25.Rxb4 Bxf3 26.Nce5 Rxb4 27.Nxb4 Be4 28.Nxf7 Nxf7
29.Rxe4 Nd6 30.Re6 Rf5 31.Nd5 Nf4 32.Nxf4 Rxf4 33.c3 Rf8 34.Re7 Rb8 35.Bc2+ Kg8
36.Rxc7 Rxb2 37.Bg6 Kf8 38.Rd7 Rd2 39.h4 Nc4 40.Rf7+ Kg8 41.Rc7 Nd6 42.c4 Kf8
43.h5 Rd1+ 44.Kh2 Rc1 45.Rd7  1-0

[Event "Hastings8182"]
[Site "Hastings"]
[Date "1981.??.??"]
[Round "11"]
[White "Szabo, Laszlo"]
[Black "Rivas Pastor, Manuel"]
[Result "1/2-1/2"]
[WhiteElo "2510"]
[BlackElo "2470"]

1.c4 Nf6 2.Nf3 e6 3.Nc3 b6 4.e4 Bb7 5.Bd3 d6 6.Bc2 c5 7.d4 cxd4 8.Nxd4 a6
9.O-O Be7 10.b3 Nbd7 11.Bb2 O-O 12.Qd3 Rc8 13.Rfe1 Re8 14.Rad1 Qc7 15.Qg3 Bf8
16.a4 Qc5 17.Nb1 Qh5 18.Ba3 Bxe4 19.Bxd6 Bxd6 20.Qxd6 Bxc2 21.Nxc2 Nc5 22.Na1 Rb8
23.Nc3 a5 24.Qc6 h6 25.h3 Qg6 26.Rd6 Nxb3 27.Nxb3 Qc2 28.Rb1 Qxc3 29.Nd2 Qc2
30.Qb5 Red8 31.Qxb6 Qxb1+ 32.Nxb1 Rxb6 33.Rxd8+ Kh7 34.Nd2 Rb4 35.c5 Rxa4
36.Kh2 Nd5 37.c6 Ra2 38.Nc4 Rc2 39.Nxa5 Rxf2 40.Rd7 f6 41.Nb3 Nf4  1/2-1/2

[Event "Hastings8182"]
[Site "Hastings"]
[Date "1981.??.??"]
[Round "12"]
[White "Littlewood, Paul E"]
[Black "Christiansen, Larry Mark"]
[Result "1/2-1/2"]
[WhiteElo "2435"]
[BlackElo "2575"]

1.d4 Nf6 2.c4 e6 3.Nc3 Bb4 4.e3 b6 5.Ne2 Ba6 6.Ng3 Bxc3+ 7.bxc3 d5 8.Qf3 O-O
9.cxd5 Qxd5 10.e4 Qa5 11.e5 Bb7 12.Qd3 Ne4 13.Nxe4 Bxe4 14.Qxe4 Qxc3+ 15.Kd1 Rd8
16.Bd3 Qxa1 17.Ke2 Qxa2+ 18.Bd2 Nc6 19.Qxc6 Qb2 20.Qe4 g6 21.Rc1 Rac8 22.Rc2 Qxd4
23.Qxd4 Rxd4 24.Be3 Ra4 25.Bb5 Ra5 26.Bd7 Rd8 27.Rxc7 Rxe5 28.Rxa7 Rd5 29.Bc6 Ra5
30.Bxb6 Rxa7 31.Bxa7  1/2-1/2

[Event "Hastings8182"]
[Site "Hastings"]
[Date "1981.??.??"]
[Round "12"]
[White "Mestel, A Jonathan"]
[Black "Ree, Hans"]
[Result "1/2-1/2"]
[WhiteElo "2475"]
[BlackElo "2510"]

1.e4 e6 2.d3 c5 3.g3 Nc6 4.Bg2 g6 5.c3 Bg7 6.Be3 b6 7.Nf3 Nge7 8.O-O d5 9.Qc1 O-O
10.Bh6 d4 11.Bxg7 Kxg7 12.Na3 e5 13.Ne1 Be6 14.f4 f6 15.f5 Bf7 16.c4 g5 17.Nf3 h6
18.Nc2 Rb8 19.g4 Rg8 20.a3 b5 21.cxb5 Rxb5 22.h4 Nc8 23.b4 cxb4 24.axb4 Nxb4
25.Nxb4 Rxb4 26.hxg5 hxg5 27.Rf2 Rb3 28.Bf1 Rc3 29.Qd2 a5 30.Nxg5 fxg5 31.f6+ Kf8
32.Rf5 Nd6 33.Rxe5 Qxf6 34.Raxa5 Qf4 35.Ra8+ Rc8 36.Rxc8+ Nxc8 37.Qb4+ Kg7
38.Qxd4 Qg3+ 39.Bg2 Qe1+  1/2-1/2

[Event "Hastings8182"]
[Site "Hastings"]
[Date "1981.??.??"]
[Round "13"]
[White "Christiansen, Larry Mark"]
[Black "Short, Nigel D"]
[Result "1/2-1/2"]
[WhiteElo "2575"]
[BlackElo "2440"]

1.c4 c5 2.Nf3 Nc6 3.Nc3 g6 4.e3 Nf6 5.d4 cxd4 6.exd4 d5 7.cxd5 Nxd5 8.Qb3 Nxc3
9.Bc4 Nd5 10.Bxd5 e6 11.Bxc6+ bxc6 12.O-O Qd5 13.Qxd5 cxd5 14.Bf4 Be7 15.Rfc1 f6
16.Rc7 g5 17.Rac1 Bd7 18.Bg3 Bd8 19.Rb7 Bb6 20.Bb8 Ke7 21.Bxa7 Rxa7 22.Rxb6 Rxa2
23.h4 g4 24.Nh2 Rc8 25.Re1 Rc2 26.Nxg4 Rcxb2 27.Rxb2 Rxb2 28.Ne3 Kd6 29.Rd1 Bb5
30.g4 Be2 31.Re1 e5 32.Nf5+ Kc6 33.dxe5 fxe5 34.f4 d4  1/2-1/2

[Event "Hastings8182"]
[Site "Hastings"]
[Date "1981.??.??"]
[Round "13"]
[White "Chandler, Murray G"]
[Black "Rivas Pastor, Manuel"]
[Result "1/2-1/2"]
[WhiteElo "2530"]
[BlackElo "2470"]

1.e4 e5 2.Nf3 Nc6 3.Bc4 Bc5 4.c3 Nf6 5.d3 a6 6.O-O d6 7.Nbd2 O-O 8.Bb3 Ba7
9.h3 Be6 10.Bc2 d5 11.Re1 dxe4 12.dxe4 Qe7 13.Nf1 Rad8 14.Qe2 Nh5 15.Nxe5 Bxf2+
16.Qxf2 Nxe5 17.Be3 Qf6 18.Rad1 Qg6 19.Bd4 Qg5 20.Be3  1/2-1/2